000 00373nam a2200145 i 4500
001 82662
003 ES-MaACL
005 20230906174718.0
007 t|
008 041111s1958 sp ||||1| spa d
245 0 0 _aAprenda el vasco
_b: método sencillo...
260 _aZarauz :
_bIcharopena,
_c1958.
300 _a164 p. ;
_c17 cm.
852 _aES-MaACL
_jC-14312
_bR.42148
999 _c82662
_d82662